Formula 1 Teams best drivers - Haas - Statistics

General Stats
  • This quiz has been taken 81 times
  • The average score is 6 of 7
Answer Stats
Wins Podiums Poles AFP Races Answer % Correct
0 0 1 13.6 123 Kevin Magnussen
99%
0 0 0 15.8 22 Nico Hülkenberg
99%
0 0 0 15.1 43 Mick Schumacher
87%
0 0 0 17.8 21 Nikita Mazepin
87%
0 0 0 12.1 96 Romain Grosjean
86%
0 0 0 18.0 2 Pietro Fittipaldi
57%
0 0 0 13.8 21 Esteban Gutiérrez
52%
No matching quizzes found
Score Distribution
Percent of People with Each Score
Percentile by Number Answered
Your Score History
You have not taken this quiz